000 00657cam a2200253 4500
008 090401t1996 xxu||||| |||| 00| 0 eng d
020 _a1858110637
035 _a(Sirsi) u84201
041 _aeng
050 _a711.1
100 _aLangham, Richard
245 _aConditions and planning obligations.
260 _bCLT Professional Publishing
_c1996
300 _axv,200p. ; 23cm.
350 _a32
650 _aENFORCEMENT NOTICES
650 _aPLANNING CONDITIONS
650 _aPLANNING LAW
650 _aPLANNING OBLIGATIONS
650 _aPLANNING PERMISSION
690 _aPLANNING LAW AND PRACTICE
942 _n0
948 _c11/02/1998
999 _c96922
_d96922